Estatísticas para PANE TREM - Se, ao recolher, alguma perna não travar em cima

Clique aqui para jogar o quiz

Estatísticas Gerais

  • Esse quiz foi jogado 79 vezes
  • A pontuação média é 4 de 8

Estatísticas das Respostas

HintResposta% Correto
Se travarProsseguir
83%
1Tentar novo ciclo
83%
Se não travar
2
Declarar URGÊNCIA
67%
7Pousar, livrar a pista, parar na intersecção, cortar motor e solicitar reboque.
50%
4Tráfego a 2500ft
50%
3Baixar trem em EMG
33%
5Flapes como julgar - PB
33%
6Se baixar flapes - calço hidráulico na FINAL
33%

Distribuição das Pontuações

Percentil de Números Respondidos

Porcentagem de Pessoas com Cada Pontuação

Sua Pontuação Histórica

Você não jogou esse quiz